Datum a čas kvízu
24.5
Celkem bodů
Celkový počet nahraných bodů na tomto kvízu bez doplňovacích otázek.
4.
Pořadí na kvízu
Konečné umístění týmu na tomto kvízu.
Zaznamenané odpovědi
| # | Otázka | Odpověď | Body | Výsledky |
|---|---|---|---|---|
| 1. | Český prezident Miloš Zeman se... | Vídeň, šilink (Schilling) | 1 | |
| 2. | Ve výčtu nejlepších aprílových... | z (nakládaných) okurek | 0 | |
| 3. | Minulé pondělí mohli fanoušci... | D | 1 | |
| 4. | Minulý týden bylo oznámeno, že... | Prima a CNN | 1 | |
| 5. | Minulý čtvrtek začalo ve finsk... | v ledním hokeji (žen) | 0 | |
| 6. | V tomto tématu ověříme vaše zn... | pouze jelení zvěř | 1 | |
| 7. | Kterým slovem začínajícím na p... | kozlice | 0 | |
| 8. | Která zvířata je možno spatřit... | bílí jeleni | 0 | |
| 9. | Kolikaterák je tento jelen? | desaterák (nerovný) | 0 | |
| 10. | Co v myslivecké mluvě znamená... | oči | 1 |